| 000 | 00530nam a2200181 4500 | ||
|---|---|---|---|
| 005 | 20251205161126.0 | ||
| 008 | 251205b |||||||| |||| 00| 0 eng d | ||
| 020 | _a978-93-94525-90-0 | ||
| 041 | _aEng | ||
| 082 |
_21st ed. 2026 _aF 610.73069 SOO _bB11968 |
||
| 100 |
_aSood Babita _9215671 |
||
| 245 | _aPost Basic BSc Nursing Solved Question Papers First Year | ||
| 250 | _a1st ed. 2026 | ||
| 260 |
_aNew Delhi _bCBS Publishers _c2026 |
||
| 300 |
_alvi,1013p _bpb _c27.5x21.8cm |
||
| 365 |
_aRupaye _b1295 _cINR |
||
| 942 | _cBK | ||
| 999 |
_c369290 _d369290 |
||